| 000 -LEADER |
| fixed length control field |
00406cam a22001457a 4500 |
| 008 - FIXED-LENGTH DATA ELEMENTS--GENERAL INFORMATION |
| fixed length control field |
180718b1990 xxu||||| |||| 00| 0 eng d |
| 082 ## - DEWEY DECIMAL CLASSIFICATION NUMBER |
| Classification number |
Yx54 M691 |
| 100 ## - MAIN ENTRY--PERSONAL NAME |
| Personal name |
Singh, Tej Vir |
| 245 ## - TITLE STATEMENT |
| Title |
Geography of the mountains |
| Statement of responsibility, etc. |
by Tej Vir Singh |
| 260 ## - PUBLICATION, DISTRIBUTION, ETC. |
| Place of publication, distribution, etc. |
New Delhi |
| Name of publisher, distributor, etc. |
Heritage |
| Date of publication, distribution, etc. |
1990 |
| 300 ## - PHYSICAL DESCRIPTION |
| Extent |
305p. |
| 440 ## - SERIES STATEMENT/ADDED ENTRY--TITLE |
| Title |
Contribution to India Gography |
| 650 ## - SUBJECT ADDED ENTRY--TOPICAL TERM |
| Topical term or geographic name entry element |
Mountains |
| 650 ## - SUBJECT ADDED ENTRY--TOPICAL TERM |
| Topical term or geographic name entry element |
Natural resources - India |